[Event "Open Brno 2017"]
[Site "Brno"]
[Date "2017.11.16"]
[Round "7"]
[White "Kuehn, Karsten"]
[Black "Pawicka, Magdalena"]
[Result "1-0"]
[WhiteElo "1979"]
[BlackElo "1768"]
[PlyCount "93"]
[EventDate "2017.11.11"]

1. d4 Nf6 2. Bf4 e6 3. e3 b6 4. Nf3 Bb7 5. Nbd2 Be7 6. h3 O-O 7. Bd3 d6 8. Qe2
c5 9. c3 Nc6 10. a3 Rc8 11. O-O Qd7 12. e4 Rfd8 13. Bh2 h6 14. Rad1 Nh7 15.
Rfe1 Bf6 16. Qe3 cxd4 17. cxd4 d5 18. e5 Be7 19. b4 a5 20. b5 Na7 21. Rb1 Ng5
22. Nxg5 Bxg5 23. f4 Be7 24. a4 Bb4 25. Rb3 Rc3 26. Rxc3 Bxc3 27. Rf1 Bxd2 28.
Qxd2 Nc8 29. f5 exf5 30. Bxf5 Qe7 31. Bf4 Kf8 32. Bxh6 gxh6 33. Bg6 Kg7 34.
Rxf7+ Kxg6 35. Rxe7 Nxe7 36. Qc2+ Kf7 37. Qh7+ Ke6 38. Qxh6+ Kd7 39. Qxb6 Ba8
40. Qa7+ Ke6 41. Qxa5 Kd7 42. e6+ Ke8 43. Qa7 Rc8 44. h4 Kf8 45. h5 Re8 46. Qd7
Nf5 47. Qf7# 1-0

[Event "Open Brno 2017"]
[Site "Brno"]
[Date "2017.11.16"]
[Round "7"]
[White "Zhukenov, Aituar"]
[Black "Prammer, Franz"]
[Result "1-0"]
[WhiteElo "1738"]
[BlackElo "1816"]
[PlyCount "61"]
[EventDate "2017.11.11"]

1. e4 {[%emt 0:00:00]} d6 {[%emt 0:00:00]} 2. d4 Nf6 3. Nc3 e5 4. Nge2 Nbd7 5.
g3 Be7 6. Bg2 c6 7. a4 b6 8. h3 h5 9. Be3 Bb7 10. O-O Qc7 11. Qd2 a6 12. f4
exd4 13. Nxd4 g6 14. f5 Ne5 15. fxg6 fxg6 16. b3 Qd7 17. Bg5 Nh7 18. Bxe7 Qxe7
19. a5 b5 20. Nd1 Qg5 21. Ne3 Kd7 22. Rad1 Qe7 23. h4 Nf6 24. Rxf6 Qxf6 25.
Bh3+ Ke7 26. Rf1 Qxf1+ 27. Nxf1 Raf8 28. Qg5+ Ke8 29. Nd2 c5 30. Ne6 Nf7 31.
Nc7# 1-0

[Event "Open Brno 2017"]
[Site "Brno"]
[Date "2017.11.16"]
[Round "7"]
[White "Aird, Ian"]
[Black "Tesar, Jan"]
[Result "1-0"]
[WhiteElo "1738"]
[BlackElo "2090"]
[PlyCount "53"]
[EventDate "2017.11.11"]

1. c4 e5 2. Nc3 Nf6 3. Nf3 Nc6 4. e4 Bc5 5. Nxe5 Nxe4 6. Nxe4 Qe7 7. Nxc5 Nxe5
8. Qe2 Qxc5 9. f4 d6 10. fxe5 O-O 11. Qe3 Qa5 12. Qc3 Qa4 13. Be2 Re8 14. O-O
Rxe5 15. Bf3 Qe8 16. d4 Re7 17. Bd2 c6 18. Rae1 Be6 19. d5 Bd7 20. Bg5 f6 21.
Bf4 Rxe1 22. Rxe1 Qf8 23. Qb3 Rb8 24. c5 Re8 25. dxc6+ Kh8 26. Rxe8 Qxe8 27.
Qe3 1-0

[Event "Open Brno 2017"]
[Site "Brno"]
[Date "2017.11.16"]
[Round "7"]
[White "Kalisch, Michael"]
[Black "Kochev, Igor"]
[Result "1-0"]
[WhiteElo "2060"]
[BlackElo "1737"]
[PlyCount "55"]
[EventDate "2017.11.11"]

1. e4 e6 2. d4 d5 3. Nc3 Bb4 4. exd5 exd5 5. Bd3 c6 6. Nge2 Ne7 7. Ng3 O-O 8.
O-O Nd7 9. Nce2 Nf6 10. c3 Ba5 11. Bg5 Ne8 12. Qc2 h6 13. Bf4 Bc7 14. Rae1 Bxf4
15. Nxf4 Qc7 16. Re5 f6 17. Rxe7 Qxf4 18. Rfe1 Nd6 19. Rxg7+ Kh8 20. Ree7 Ne8
21. Rh7+ Kg8 22. Nf5 h5 23. Nh6+ Qxh6 24. Rxh6 f5 25. Qd2 Rf7 26. Rxe8+ Rf8 27.
Qg5+ Kf7 28. Qg6# 1-0

[Event "Open Brno 2017"]
[Site "Brno"]
[Date "2017.11.16"]
[Round "7"]
[White "Konyves, Almos"]
[Black "Kalveus, Jan"]
[Result "1-0"]
[WhiteElo "1691"]
[BlackElo "1849"]
[PlyCount "85"]
[EventDate "2017.11.11"]

1. e4 e6 2. d4 d5 3. Nc3 Bb4 4. e5 c5 5. Bd2 Ne7 6. Nb5 Bxd2+ 7. Qxd2 O-O 8.
dxc5 Nbc6 9. f4 f6 10. Nf3 fxe5 11. fxe5 Ng6 12. Qe3 Bd7 13. c3 a6 14. Nd6 Rb8
15. Bd3 Nf4 16. O-O Nxd3 17. Qxd3 Be8 18. Qe3 Bg6 19. Ng5 Qe7 20. Rxf8+ Rxf8
21. Rf1 Rxf1+ 22. Kxf1 h6 23. Nh3 Qh4 24. Nf4 Qg5 25. Qg3 Qxg3 26. hxg3 Bf7 27.
Nd3 Nd8 28. b4 Bg6 29. Nf4 Bb1 30. Nxb7 Nc6 31. Na5 Nxa5 32. bxa5 Kf7 33. c6
Ke7 34. c7 Kd7 35. Nxe6 g5 36. Nc5+ Kxc7 37. Nxa6+ Kd7 38. Nc5+ Kc7 39. Kf2
Bxa2 40. Kf3 d4 41. cxd4 Bd5+ 42. Kg4 Kc6 43. Kh5 1-0

[Event "Open Brno 2017"]
[Site "Brno"]
[Date "2017.11.16"]
[Round "7"]
[White "Dvorakova, Olga"]
[Black "Wunsch, Radek"]
[Result "1/2-1/2"]
[WhiteElo "1519"]
[BlackElo "1759"]
[PlyCount "54"]
[EventDate "2017.11.11"]

1. e4 {[%emt 0:00:00]} Nc6 {[%emt 0:00:00]} 2. Nf3 {[%emt 0:00:00]} e5 {[%emt
0:00:06]} 3. Bb5 a6 4. Ba4 Nf6 5. d3 Bc5 6. O-O b5 7. Bb3 O-O 8. Bg5 h6 9. Be3
Bxe3 10. fxe3 d6 11. Nc3 Na5 12. Qe1 c5 13. Nd5 Nxb3 14. Nxf6+ Qxf6 15. axb3
Qe7 16. Nh4 g6 17. Qf2 Kg7 18. Qg3 Qg5 19. Qxg5 hxg5 20. Nf3 f6 21. Rf2 Bb7 22.
Raf1 Bc6 23. Nd2 Rf7 24. g4 Rh8 25. Kg2 Rhf8 26. Kg3 Bd7 27. Nf3 Bc6 1/2-1/2

[Event "Open Brno 2017"]
[Site "Brno"]
[Date "2017.11.16"]
[Round "7"]
[White "Lukacs, Anna"]
[Black "Tajovsky, Matej"]
[Result "1/2-1/2"]
[WhiteElo "1754"]
[BlackElo "1615"]
[PlyCount "70"]
[EventDate "2017.11.11"]

1. d4 d5 2. Bg5 Nd7 3. e3 Ngf6 4. Nd2 e6 5. Bd3 Be7 6. f4 b6 7. Ngf3 Bb7 8. O-O
O-O 9. Ne5 Ne4 10. Bxe7 Qxe7 11. Ndf3 c5 12. c3 f6 13. Ng4 Rae8 14. Bxe4 dxe4
15. Nd2 f5 16. Ne5 Rf6 17. Ndc4 Ba6 18. Nc6 Qf8 19. Qa4 Bxc4 20. Qxc4 cxd4 21.
cxd4 Rc8 22. Qa4 Qe8 23. Rac1 Rf7 24. Nxa7 Ra8 25. Rc7 Qd8 26. Rfc1 Nc5 27.
Rxf7 Nxa4 28. Rcc7 Qh4 29. Rxg7+ Kh8 30. g3 Qh5 31. Nc6 Rg8 32. Rge7 Nxb2 33.
Ne5 Qd1+ 34. Kg2 Qe2+ 35. Kh3 Qh5+ 1/2-1/2

[Event "Open Brno 2017"]
[Site "Brno"]
[Date "2017.11.16"]
[Round "7"]
[White "Bednar, Martin"]
[Black "Mazanec, Karel"]
[Result "1/2-1/2"]
[WhiteElo "1752"]
[BlackElo "1611"]
[PlyCount "60"]
[EventDate "2017.11.11"]

1. Nf3 Nf6 2. d4 d5 3. Bf4 e6 4. e3 Be7 5. Nbd2 O-O 6. Be2 Nbd7 7. O-O c5 8. c4
dxc4 9. Nxc4 Nd5 10. Bg3 b6 11. Rc1 Bb7 12. Nd6 Bc6 13. a3 Bxd6 14. Bxd6 Re8
15. dxc5 Nxc5 16. Bxc5 bxc5 17. Rxc5 Qb6 18. Qc2 Ba4 19. Qc1 h6 20. Nd2 Red8
21. b4 a6 22. Nc4 Qb7 23. Nb2 Bb5 24. Re1 Rac8 25. Bxb5 axb5 26. Nd3 Rxc5 27.
Nxc5 Qa7 28. Rd1 Ra8 29. Rd3 Nb6 30. h3 Nd5 1/2-1/2

[Event "Open Brno 2017"]
[Site "Brno"]
[Date "2017.11.16"]
[Round "7"]
[White "Tajovsky, Simon"]
[Black "Buri, Kata"]
[Result "0-1"]
[WhiteElo "1394"]
[BlackElo "1614"]
[PlyCount "80"]
[EventDate "2017.11.11"]

1. d4 {[%emt 0:00:00]} d5 2. c4 e6 3. Nc3 Nf6 4. Nf3 Be7 5. Bf4 O-O 6. e3 a6 7.
Rc1 dxc4 8. Bxc4 b5 9. Bd3 Bb7 10. O-O Nbd7 11. Nxb5 axb5 12. Bxc7 Qe8 13. Bxb5
Bxf3 14. Qxf3 Rxa2 15. b3 Ra7 16. Bb6 Ra3 17. Ba4 Rxa4 18. bxa4 Nxb6 19. a5
Nbd5 20. a6 Qd7 21. Ra1 Qa7 22. Rfb1 Ra8 23. Rb2 Qc7 24. Qd1 Nb4 25. Qb1 Nxa6
26. Rb7 Qd6 27. Rb6 Qc7 28. Raxa6 Rxa6 29. Rxa6 g6 30. Qa1 Ng4 31. g3 Qc2 32.
Ra2 Qf5 33. Rb2 Qh5 34. Rb8+ Kg7 35. h4 Bxh4 36. Qb2 Bf6 37. f3 Nxe3 38. f4 Qf3
39. Qf2 Qd1+ 40. Kh2 Ng4+ 0-1

[Event "Open Brno 2017"]
[Site "Brno"]
[Date "2017.11.17"]
[Round "8"]
[White "Mikes, Jan"]
[Black "Kuehn, Martin"]
[Result "0-1"]
[WhiteElo "2272"]
[BlackElo "1871"]
[PlyCount "80"]
[EventDate "2017.11.11"]

1. e4 {[%emt 0:00:00]} e6 2. d4 d5 3. Nc3 Nc6 4. e5 f6 5. Bd3 Qe7 6. Nf3 Qf7 7.
O-O Bb4 8. Ne2 Nge7 9. c3 Ba5 10. b4 Bb6 11. a4 a6 12. Ba3 Bd7 13. Qd2 Ng6 14.
c4 dxc4 15. Bxc4 Nce7 16. exf6 Qxf6 17. Bb2 Nd5 18. Ne5 Nxe5 19. dxe5 Qf7 20.
Bxd5 exd5 21. Bd4 Bxd4 22. Nxd4 O-O 23. f4 Rae8 24. b5 axb5 25. axb5 Qg6 26.
Rac1 Qb6 27. Rf2 Ra8 28. Ne2 Be6 29. h3 Ra4 30. g3 d4 31. Qd3 g6 32. g4 Rb4 33.
Kh2 Rd8 34. Rcf1 Bc4 35. Qa3 Qxb5 36. Nxd4 Rxd4 37. Qa8+ Kg7 38. f5 Qxe5+ 39.
Kg1 Bxf1 40. f6+ Kf7 0-1

[Event "Open Brno 2017"]
[Site "Brno"]
[Date "2017.11.17"]
[Round "8"]
[White "Qashashvili, Alexandre"]
[Black "Seddaoui, Yamine"]
[Result "1/2-1/2"]
[WhiteElo "2514"]
[BlackElo "2128"]
[PlyCount "34"]
[EventDate "2017.11.11"]

1. e4 e5 2. Nf3 Nc6 3. Bb5 a6 4. Ba4 Nf6 5. d3 Bc5 6. O-O b5 7. Bb3 O-O 8. a4
Rb8 9. axb5 axb5 10. Nc3 h6 11. Nd5 d6 12. h3 Nxd5 13. Bxd5 Ne7 14. Bb3 Ng6 15.
Be3 Bb6 16. Nh2 Bxe3 17. fxe3 Qg5 1/2-1/2

[Event "Open Brno 2017"]
[Site "Brno"]
[Date "2017.11.17"]
[Round "8"]
[White "Munk, Petr"]
[Black "Molnar, Bela"]
[Result "0-1"]
[WhiteElo "2142"]
[BlackElo "2289"]
[PlyCount "96"]
[EventDate "2017.11.11"]

1. e4 {[%emt 0:00:00]} c5 2. Nf3 Nc6 3. c4 e6 4. Nc3 b6 5. d4 cxd4 6. Nxd4 Bb7
7. Be2 Nf6 8. O-O Nxd4 9. Qxd4 Bc5 10. Qd3 Qb8 11. g3 h6 12. Bf3 Bc6 13. Re1
O-O 14. e5 Bxf3 15. Qxf3 Nh7 16. Bf4 g5 17. Bd2 f6 18. Qd3 fxe5 19. Qg6+ Kh8
20. Ne4 d5 21. Nxc5 bxc5 22. Qxe6 Qxb2 23. Qxe5+ Qxe5 24. Rxe5 dxc4 25. Rxc5
Rac8 26. Bc3+ Kg8 27. Ra5 Rf3 28. Rc1 g4 29. Ra6 Ng5 30. Rxh6 Nh3+ 31. Kh1
Nxf2+ 32. Kg2 Re8 33. Rh8+ Kf7 34. Rxe8 Kxe8 35. Bd4 Nd3 36. Rxc4 Ne1+ 37. Kg1
Ra3 38. Bf2 Nf3+ 39. Kg2 Rxa2 40. Rxg4 Ne1+ 41. Kf1 Nd3 42. Re4+ Kf7 43. Re2
Ra1+ 44. Kg2 a5 45. Rd2 Ra3 46. h4 a4 47. Bd4 Rb3 48. Rc2 Ne1+ 0-1

[Event "Open Brno 2017"]
[Site "Brno"]
[Date "2017.11.17"]
[Round "8"]
[White "Zuziak, Petr"]
[Black "Kredl, Karel"]
[Result "0-1"]
[WhiteElo "1906"]
[BlackElo "2139"]
[PlyCount "56"]
[EventDate "2017.11.11"]

1. e4 {[%emt 0:00:00]} c5 2. Nc3 e6 3. Nf3 Nc6 4. Bb5 Nge7 5. Bxc6 Nxc6 6. d4
cxd4 7. Nxd4 d6 8. O-O Be7 9. Nxc6 bxc6 10. Qg4 O-O 11. Bh6 Bf6 12. Rad1 Kh8
13. Be3 Qd7 14. f4 Rb8 15. e5 Be7 16. exd6 Bxd6 17. Ne4 f5 18. Qg5 Be7 19. Qxe7
Qxe7 20. Bc5 Qe8 21. Bxf8 Qxf8 22. Ng5 Ba6 23. Nxe6 Qf6 24. Rfe1 Bc4 25. Nc5
Bd5 26. Nd7 Qg6 27. Rxd5 cxd5 28. Nxb8 Qb6+ 0-1

[Event "Open Brno 2017"]
[Site "Brno"]
[Date "2017.11.17"]
[Round "8"]
[White "Domanski, Lukasz"]
[Black "Vojta, Jakub"]
[Result "1-0"]
[WhiteElo "2080"]
[BlackElo "2024"]
[PlyCount "51"]
[EventDate "2017.11.11"]

1. e4 {[%emt 0:00:00]} c5 {[%emt 0:00:00]} 2. Nf3 d6 3. Bb5+ Bd7 4. Bxd7+ Nxd7
5. O-O g6 6. c3 Bg7 7. d4 Rc8 8. Qe2 a6 9. Bg5 Qc7 10. Nbd2 h6 11. Bh4 e6 12.
Bg3 b5 13. a4 c4 14. axb5 axb5 15. Ra6 Nb6 16. Rfa1 Ne7 17. R1a5 Qc6 18. d5 Qc5
19. Bf4 Rb8 20. Be3 Qc7 21. Rxb5 Nec8 22. Nxc4 Nxc4 23. Rxb8 Nxe3 24. Raa8 O-O
25. Qxe3 exd5 26. exd5 1-0

[Event "Open Brno 2017"]
[Site "Brno"]
[Date "2017.11.17"]
[Round "8"]
[White "Pavlicek, Petr"]
[Black "Cip, Dalibor"]
[Result "1-0"]
[WhiteElo "1911"]
[BlackElo "2153"]
[PlyCount "73"]
[EventDate "2017.11.11"]

1. c4 c5 2. Nc3 g6 3. g3 Bg7 4. Bg2 Nc6 5. e3 e6 6. Nge2 Nge7 7. d4 cxd4 8.
exd4 O-O 9. O-O d5 10. cxd5 Nxd5 11. Nxd5 exd5 12. Be3 Bg4 13. Re1 Qd7 14. Qd2
Bh3 15. Bh1 Bf5 16. Rac1 Rfe8 17. Rc5 Be4 18. f3 Bf5 19. a3 b6 20. Rc3 Rac8 21.
b4 h5 22. Kf2 Kh7 23. Rcc1 Re6 24. Bg2 Rce8 25. Bf4 a6 26. h3 Rxe2+ 27. Rxe2
Nxd4 28. Rxe8 Qxe8 29. Qe3 Ne6 30. Be5 d4 31. Qe1 Bh6 32. f4 Qa4 33. Rc8 g5 34.
Be4 Ng7 35. Bxg7 Bxe4 36. Bxh6 Bf5 37. Qe5 1-0

[Event "Open Brno 2017"]
[Site "Brno"]
[Date "2017.11.17"]
[Round "8"]
[White "Spodny, Josef"]
[Black "Potseluev, Sergey"]
[Result "0-1"]
[WhiteElo "1885"]
[BlackElo "2103"]
[PlyCount "98"]
[EventDate "2017.11.11"]

1. e4 c6 2. Nc3 d5 3. Nf3 Bg4 4. h3 Bxf3 5. Qxf3 e6 6. Be2 Nf6 7. O-O Nbd7 8.
exd5 cxd5 9. d4 Bd6 10. Bf4 Qb8 11. Bxd6 Qxd6 12. Nd1 Ne4 13. Qd3 O-O 14. c3 f5
15. f4 Rf6 16. Nf2 Qxf4 17. Ng4 Qg5 18. Nxf6+ Ndxf6 19. Bf3 Rf8 20. Rae1 h6 21.
Bxe4 Nxe4 22. Rf3 Rf6 23. Re2 Rg6 24. Qe3 Qh5 25. Kh2 Ng5 26. Rff2 Ne4 27. Rf3
Rf6 28. Kg1 f4 29. Qd3 Ng5 30. Ref2 Nxf3+ 31. Rxf3 g5 32. Qb5 Qf7 33. c4 a6 34.
Qc5 Qd7 35. Rc3 Rf7 36. cxd5 Qxd5 37. Qxd5 exd5 38. Rc5 Rd7 39. Kf2 Kg7 40. Kf3
Kg6 41. h4 Kf5 42. hxg5 hxg5 43. Rc8 g4+ 44. Kf2 Ke4 45. Rg8 g3+ 46. Ke2 Kxd4
47. Rf8 Re7+ 48. Kd2 Ke4 49. Rf6 Rh7 0-1

[Event "Open Brno 2017"]
[Site "Brno"]
[Date "2017.11.17"]
[Round "8"]
[White "Kastner, Oldrich"]
[Black "Richterova, Julie"]
[Result "1/2-1/2"]
[WhiteElo "2025"]
[BlackElo "1808"]
[PlyCount "80"]
[EventDate "2017.11.11"]

1. d4 Nf6 2. Nc3 d5 3. Bg5 Bf5 4. e3 e6 5. Nf3 h6 6. Bh4 Bb4 7. Bd3 Bxd3 8.
cxd3 O-O 9. Qb3 Bxc3+ 10. bxc3 b6 11. O-O Nbd7 12. Ne5 Qc8 13. Bxf6 Nxf6 14.
Rab1 c5 15. dxc5 Qxc5 16. Qb4 Rfc8 17. Rfc1 Rc7 18. Qxc5 Rxc5 19. Kf1 Rac8 20.
Rb3 Rd8 21. Ra3 Rc7 22. Ke2 Ne8 23. Rb1 Nd6 24. Nf3 Rdd7 25. Kd2 Rc5 26. Rab3
Nb7 27. Rb5 Rdc7 28. Rxc5 Rxc5 29. Nd4 Nd6 30. f4 g6 31. Nb3 Rc7 32. Nd4 Kf8
33. a4 Rc5 34. Nb5 Nc8 35. Kc2 Ke7 36. Nd4 Nd6 37. Nb5 Nc8 38. g4 Kf6 39. Nd4
Nd6 40. Nb5 Nc8 1/2-1/2

[Event "Open Brno 2017"]
[Site "Brno"]
[Date "2017.11.17"]
[Round "8"]
[White "Igen, Amir"]
[Black "Kuehn, Karsten"]
[Result "0-1"]
[WhiteElo "1684"]
[BlackElo "1979"]
[PlyCount "40"]
[EventDate "2017.11.11"]

1. d4 {[%emt 0:00:00]} d5 2. c4 Nc6 3. cxd5 Qxd5 4. e3 e5 5. Nc3 Bb4 6. Bd2
Bxc3 7. bxc3 Nf6 8. Qb3 Qd6 9. Bd3 O-O 10. Ne2 b6 11. O-O Re8 12. Ng3 a5 13.
Rfd1 e4 14. Be2 Ne7 15. c4 Nf5 16. Nxf5 Bxf5 17. Rac1 Ng4 18. g3 Qh6 19. Bxg4
Bxg4 20. Re1 Qh3 0-1

[Event "Open Brno 2017"]
[Site "Brno"]
[Date "2017.11.17"]
[Round "8"]
[White "Pawicka, Magdalena"]
[Black "Belus, Benjamin"]
[Result "1-0"]
[WhiteElo "1768"]
[BlackElo "1953"]
[PlyCount "43"]
[EventDate "2017.11.11"]

1. e4 {[%emt 0:00:00]} c5 {[%emt 0:00:00]} 2. Nf3 d6 3. d4 cxd4 4. Nxd4 Nf6 5.
Nc3 Nc6 6. Bc4 e6 7. Bb3 Bd7 8. Be3 Na5 9. O-O Nxb3 10. axb3 a6 11. f4 g6 12.
e5 dxe5 13. fxe5 Nd5 14. Qf3 Qe7 15. Ne4 Nxe3 16. Nd6+ Kd8 17. Qxb7 Rc8 18.
Nxc8 Qc5 19. Rfd1 Nxd1 20. Rxd1 Qxc8 21. Nc6+ Ke8 22. Qxc8+ 1-0

[Event "Open Brno 2017"]
[Site "Brno"]
[Date "2017.11.18"]
[Round "9"]
[White "Kredl, Karel"]
[Black "Kuehn, Martin"]
[Result "1-0"]
[WhiteElo "2139"]
[BlackElo "1871"]
[PlyCount "83"]
[EventDate "2017.11.11"]

1. d4 d5 2. Nf3 Nf6 3. c4 c6 4. Nc3 e6 5. Qd3 Nbd7 6. g3 Bb4 7. Bg2 Ne4 8. O-O
f5 9. Bf4 O-O 10. Ne5 Nxe5 11. Bxe5 dxc4 12. Qc2 Nf6 13. Nd1 Ng4 14. Qxc4 Bd2
15. Nc3 Nxe5 16. dxe5 Qa5 17. Rfd1 Bxc3 18. Qxc3 Qxc3 19. bxc3 Rb8 20. Rab1 c5
21. f4 b6 22. Kf2 Bb7 23. Rd6 Rfe8 24. Rd7 Bxg2 25. Kxg2 a5 26. a4 b5 27. Rxb5
Rxb5 28. axb5 Ra8 29. b6 h6 30. Ra7 Rb8 31. Rxa5 Rxb6 32. Rxc5 g5 33. Rc7 g4
34. c4 Rb2 35. Kf2 Rb1 36. Re7 Rh1 37. Kg2 Re1 38. Kf2 Rh1 39. c5 Rxh2+ 40. Ke3
Rg2 41. c6 Rxg3+ 42. Kd4 1-0

[Event "Open Brno 2017"]
[Site "Brno"]
[Date "2017.11.18"]
[Round "9"]
[White "Chudinovskikh, Alexander M"]
[Black "Molnar, Bela"]
[Result "1/2-1/2"]
[WhiteElo "2219"]
[BlackElo "2289"]
[PlyCount "26"]
[EventDate "2017.11.11"]

1. d4 {[%emt 0:00:00]} Nf6 2. Nf3 g6 3. g3 Bg7 4. Bg2 O-O 5. O-O d6 6. Re1 Nbd7
7. e4 e5 8. dxe5 dxe5 9. Na3 b6 10. Nc4 Bb7 11. Ncxe5 Nxe5 12. Nxe5 Qxd1 13.
Rxd1 Bxe4 1/2-1/2

[Event "Open Brno 2017"]
[Site "Brno"]
[Date "2017.11.18"]
[Round "9"]
[White "Potseluev, Sergey"]
[Black "Qashashvili, Alexandre"]
[Result "0-1"]
[WhiteElo "2103"]
[BlackElo "2514"]
[PlyCount "60"]
[EventDate "2017.11.11"]

1. Nf3 {[%emt 0:00:00]} c5 2. g3 Nc6 3. Bg2 e5 4. d3 d5 5. O-O f6 6. c4 d4 7.
Na3 Bd6 8. e3 dxe3 9. Bxe3 Nge7 10. Nd2 O-O 11. Nb5 b6 12. b4 cxb4 13. Nxd6
Qxd6 14. c5 Qxd3 15. cxb6 axb6 16. Be4 Qb5 17. Qc2 f5 18. Bd3 Qa4 19. Bc4+ Kh8
20. Bb3 Qa6 21. Nf3 f4 22. Bxf4 exf4 23. Ng5 Bf5 24. Qb2 h6 25. Nf7+ Kh7 26.
Rfe1 Qd3 27. g4 Bg6 28. Ne5 Nxe5 29. Rxe5 Nc6 30. Rd5 Qc3 0-1

[Event "Open Brno 2017"]
[Site "Brno"]
[Date "2017.11.18"]
[Round "9"]
[White "Bengherabi, Khalil"]
[Black "Pavlicek, Petr"]
[Result "1-0"]
[WhiteElo "2220"]
[BlackElo "1911"]
[PlyCount "105"]
[EventDate "2017.11.11"]

1. e4 {[%emt 0:00:00]} c5 2. Nf3 d6 3. d4 cxd4 4. Nxd4 Nf6 5. Nc3 a6 6. g3 e5
7. Nb3 Be6 8. Bg2 Be7 9. O-O O-O 10. Re1 Nbd7 11. Nd2 Rc8 12. Nf1 Qc7 13. Ne3
Nb6 14. Ncd5 Bxd5 15. exd5 Rfe8 16. a4 Nc4 17. Nf5 Bf8 18. Bh3 Rb8 19. Bg5 Be7
20. Nxe7+ Qxe7 21. a5 e4 22. Qd4 Ne5 23. Bg2 h6 24. Bxf6 Qxf6 25. Rxe4 Rec8 26.
f4 Nd7 27. Bh3 Qd8 28. c4 Rc7 29. b4 Kf8 30. Re2 Nf6 31. Rae1 Kg8 32. Kg2 Kf8
33. Kf3 Kg8 34. Rd1 Nd7 35. Bxd7 Qxd7 36. c5 Rbc8 37. Rc1 Qb5 38. Rec2 Kf8 39.
Rc3 Kg8 40. Kf2 Qa4 41. Rc4 Qd7 42. cxd6 Rxc4 43. Rxc4 Rd8 44. Qe5 Kf8 45. Qe7+
Qxe7 46. dxe7+ Kxe7 47. Rc7+ Kf6 48. Rxb7 Rxd5 49. Rb6+ Ke7 50. Rxa6 Rb5 51.
Rb6 Rxb6 52. axb6 Kd7 53. Ke3 1-0

[Event "Open Brno 2017"]
[Site "Brno"]
[Date "2017.11.18"]
[Round "9"]
[White "Basson, Heinrich"]
[Black "Munk, Petr"]
[Result "1/2-1/2"]
[WhiteElo "1939"]
[BlackElo "2142"]
[PlyCount "44"]
[EventDate "2017.11.11"]

1. d4 {[%emt 0:00:00]} Nf6 2. Bf4 g6 3. Nc3 Bg7 4. e4 d6 5. Nf3 O-O 6. Qd2 c6
7. h4 Bg4 8. Be2 b5 9. a3 Nh5 10. Bg5 Nd7 11. Ng1 Bxe2 12. Ngxe2 a5 13. f3 Nhf6
14. Bh6 b4 15. Nd1 e5 16. Bxg7 Kxg7 17. axb4 exd4 18. Nxd4 d5 19. bxa5 Ne5 20.
Qc3 dxe4 21. O-O Nd5 22. Qc5 Qxh4 1/2-1/2

[Event "Open Brno 2017"]
[Site "Brno"]
[Date "2017.11.18"]
[Round "9"]
[White "Richterova, Julie"]
[Black "Dopita, Bohumil"]
[Result "1-0"]
[WhiteElo "1808"]
[BlackElo "2136"]
[PlyCount "57"]
[EventDate "2017.11.11"]

1. d4 Nf6 2. c4 e6 3. Nc3 Bb4 4. Qc2 c5 5. Nf3 Nc6 6. dxc5 Qa5 7. Bd2 Qxc5 8.
e3 O-O 9. a3 Bxc3 10. Bxc3 Qe7 11. Bd3 h6 12. O-O d5 13. Rfd1 Rd8 14. Rd2 e5
15. cxd5 Nxd5 16. Be4 Nxc3 17. Rxd8+ Nxd8 18. Qxc3 f6 19. Nh4 Be6 20. Qd3 Rc8
21. Bh7+ Kf7 22. Qg6+ Kf8 23. Qg3 Qd7 24. Qf3 Qd2 25. Qd1 Qxb2 26. Qd6+ Kf7 27.
Rd1 Qb3 28. Bg6+ Kg8 29. Qxd8+ 1-0

[Event "Open Brno 2017"]
[Site "Brno"]
[Date "2017.11.18"]
[Round "9"]
[White "Kalisch, Michael"]
[Black "Zuziak, Petr"]
[Result "1-0"]
[WhiteElo "2060"]
[BlackElo "1906"]
[PlyCount "67"]
[EventDate "2017.11.11"]

1. e4 {[%emt 0:00:00]} e5 2. Nf3 Nc6 3. Bc4 Be7 4. d3 Nf6 5. c3 O-O 6. Bb3 h6
7. Nbd2 d5 8. Qe2 Bg4 9. h3 Bxf3 10. Qxf3 d4 11. Nf1 Nh7 12. Ng3 Bg5 13. Nf5
Bxc1 14. Rxc1 Na5 15. Qg3 Qg5 16. Qxg5 Nxg5 17. cxd4 Nxb3 18. axb3 exd4 19.
Rxc7 Ne6 20. Rc4 Rfd8 21. Kd2 h5 22. h4 Kf8 23. Ng3 g6 24. Ne2 Rd7 25. Ra1 b6
26. b4 Ke7 27. Rc6 Rd6 28. Rc4 b5 29. Rc2 Nd8 30. Rc7+ Ke6 31. Nf4+ Ke5 32. Nd5
Nc6 33. f4+ Ke6 34. Ra6 1-0

[Event "Open Brno 2017"]
[Site "Brno"]
[Date "2017.11.18"]
[Round "9"]
[White "Zhukenov, Aituar"]
[Black "Kastner, Oldrich"]
[Result "0-1"]
[WhiteElo "1738"]
[BlackElo "2025"]
[PlyCount "66"]
[EventDate "2017.11.11"]

1. e4 {[%emt 0:00:00]} Nf6 2. e5 Nd5 3. c4 Nb6 4. d4 d6 5. exd6 exd6 6. Nc3 Nc6
7. Be3 Bf5 8. Nf3 Be7 9. d5 Nb4 10. Nd4 Bg6 11. a3 Na6 12. Be2 O-O 13. O-O Bf6
14. Rc1 Re8 15. b4 Nb8 16. Nb3 c6 17. dxc6 Nxc6 18. Nd5 Bb2 19. Qd2 Bxa3 20.
Bxb6 Bxc1 21. Rxc1 axb6 22. Bf1 f6 23. g3 Be4 24. Nc3 Ne5 25. Be2 Bf3 26. Kf1
Bxe2+ 27. Nxe2 Qd7 28. Nbd4 Ra3 29. Kg2 Rea8 30. Rc2 Qg4 31. Qf4 Qxf4 32. Nxf4
Nd3 33. Nd5 Ne1+ 0-1

[Event "Open Brno 2017"]
[Site "Brno"]
[Date "2017.11.18"]
[Round "9"]
[White "Aird, Ian"]
[Black "Matejovsky, Ondrej"]
[Result "1-0"]
[WhiteElo "1738"]
[BlackElo "2022"]
[PlyCount "51"]
[EventDate "2017.11.11"]

1. c4 e5 2. Nc3 Bb4 3. Nd5 Bc5 4. Nf3 e4 5. d4 exf3 6. dxc5 c6 7. Nc3 fxg2 8.
Bxg2 Qe7 9. Ne4 Na6 10. Nd6+ Kd8 11. Qd4 Nf6 12. Bg5 Nc7 13. O-O-O Ne6 14. Bxf6
gxf6 15. Qe3 Ng5 16. Qd2 Ne6 17. Qa5+ Nc7 18. Rd3 b6 19. cxb6 axb6 20. Qxb6
Rxa2 21. Kb1 Ra6 22. Qb8 Qxe2 23. Qxc8+ Ke7 24. Nf5+ Ke6 25. Qxh8 Ke5 26. Re3+
1-0

[Event "Open Brno 2017"]
[Site "Brno"]
[Date "2017.11.18"]
[Round "9"]
[White "Cip, Dalibor"]
[Black "Igen, Amir"]
[Result "1-0"]
[WhiteElo "2153"]
[BlackElo "1684"]
[PlyCount "49"]
[EventDate "2017.11.11"]

1. d4 Nf6 2. c4 g6 3. Nc3 Bg7 4. e4 d6 5. f4 O-O 6. Nf3 c5 7. d5 Na6 8. Bd3 Nc7
9. O-O Bd7 10. a4 b6 11. h3 Rb8 12. e5 Nfe8 13. Qe2 e6 14. Bd2 Bc8 15. Rad1 Bb7
16. Be4 exd5 17. cxd5 f5 18. Bd3 dxe5 19. fxe5 Kh8 20. Bg5 Qc8 21. Bc4 Ba6 22.
d6 Bxc4 23. Qxc4 Qe6 24. dxc7 Qxc4 25. cxb8=Q 1-0